Catholic University of Zimbabwe Library
Online Public Access Catalogue
(OPAC)

The oxford English- Arabic dictionary of current usage (Record no. 45277)

MARC details
000 -LEADER
fixed length control field 00702nam a22001937a 4500
008 - FIXED-LENGTH DATA ELEMENTS--GENERAL INFORMATION
fixed length control field 250722b |||||||| |||| 00| 0 eng d
020 ## - INTERNATIONAL STANDARD BOOK NUMBER
International Standard Book Number 0198643128
040 ## - CATALOGING SOURCE
Original cataloging agency CUZ
Language of cataloging eng
Transcribing agency rda
Modifying agency CUZ
Description conventions rda
050 ## - LIBRARY OF CONGRESS CALL NUMBER
Classification number PJ6640.OXF
245 ## - TITLE STATEMENT
Title The oxford English- Arabic dictionary of current usage
Statement of responsibility, etc. edited by N.S Doniach
264 ## - PRODUCTION, PUBLICATION, DISTRIBUTION, MANUFACTURE, AND COPYRIGHT NOTICE
Place of production, publication, distribution, manufacture New York
Name of producer, publisher, distributor, manufacturer Oxford University press
Date of production, publication, distribution, manufacture, or copyright notice ©1972
300 ## - PHYSICAL DESCRIPTION
Extent extent xii,1392pages
650 ## - SUBJECT ADDED ENTRY--TOPICAL TERM
Topical term or geographic name entry element Language and Literature 
--  Oriental languages and literatures 
-- Oriental philology and literature 
942 ## - ADDED ENTRY ELEMENTS (KOHA)
Koha item type OS Book
Item part 6640.OXF
Call number prefix PJ
336 ## - CONTENT TYPE
Content type term text
Content type code txt
337 ## - MEDIA TYPE
Media type term unmediated
Media type code n
338 ## - CARRIER TYPE
Source rdacarrier
Holdings
Withdrawn status Lost status Source of classification or shelving scheme Damaged status Not for loan Home library Current library Shelving location Date acquired Source of acquisition Cost, normal purchase price Inventory number Full call number Barcode Date last seen Cost, replacement price Price effective from Koha item type
          CUZ Harare Campus CUZ Harare Campus Reference 20.11.2023 Donation Book id international 135.00 CUZ16007 REFPJ6640.OXF BK0010106 22.07.2025 135.00 22.07.2025 Reference

OPENING HOURS

Weekdays: 0815hrs - 1800hrs
Weekends:0900hrs - 1200hrs

Closed for Mass:

Mon, Thur: 1200hrs - 1300hrs
Sunday & Public Holiday’s

CALL SUPPORT

0242-570570, 0242-570169
09200664, +263 8644140602

LOCATION

18443, Cranborne Avenue, Hatfield, Harare

Other Links


©2021 | CUZ Library